The end of the third age / (Record no. 288200)
[ view plain ]
| 000 -LEADER | |
|---|---|
| fixed length control field | 00544nam a2200157Ia 4500 |
| 008 - FIXED-LENGTH DATA ELEMENTS--GENERAL INFORMATION | |
| fixed length control field | 150610s9999 xx 000 0 und d |
| 020 ## - INTERNATIONAL STANDARD BOOK NUMBER | |
| International Standard Book Number | 0618083561 (pbk.) |
| 050 ## - LIBRARY OF CONGRESS CALL NUMBER | |
| Classification number | PR6039 |
| Item number | .O32L63743 2000 |
| 100 ## - MAIN ENTRY--PERSONAL NAME | |
| Personal name | Tolkien, Christopher |
| 245 #4 - TITLE STATEMENT | |
| Title | The end of the third age / |
| Statement of responsibility, etc | Christopher Tolkien. |
| 260 ## - PUBLICATION, DISTRIBUTION, ETC. (IMPRINT) | |
| Place of publication, distribution, etc | Boston : |
| Name of publisher, distributor, etc | Houghton Mifflin, |
| Date of publication, distribution, etc | 2000. |
| 300 ## - PHYSICAL DESCRIPTION | |
| Extent | 159pages : |
| Other physical details | illustrations ; |
| Dimensions | 20 cm. |
| 440 ## - SERIES STATEMENT/ADDED ENTRY--TITLE | |
| Title | The history of The lord of the rings ; pt. 4 |
| 504 ## - BIBLIOGRAPHY, ETC. NOTE | |
| Bibliography, etc | At head of title: J.R.R. Tolkien. |
| 520 ## - SUMMARY, ETC. | |
| Summary, etc | Fantasy fiction, English |
| Withdrawn status | Lost status | Damaged status | Home library | Current library | Shelving location | Date acquired | Total Checkouts | Full call number | Barcode | Date last seen | Price effective from | Koha item type |
|---|---|---|---|---|---|---|---|---|---|---|---|---|
| Stonyhurst Southville International School (Batangas) | Stonyhurst Southville International School (Batangas) | High School Section | 06/10/2015 | PR6039.O32L63743 2000 | US-0848 | 06/10/2015 | 06/10/2015 | Books |